|
|
|
|
| LEADER |
00681nam a2200229 4500 |
| 020 |
|
|
|c 40.0
|
| 082 |
|
|
|a 704.954 ANA
|
| 100 |
|
|
|a ANANDA COOMARASWAMY K
|
| 245 |
|
|
|a HISTORY OF INDIAN AND INDONESIAN ART
|h ENGLISH
|
| 250 |
|
|
|a 1 Edition
|
| 260 |
|
|
|a NEW DELHI
|b MUNSHIRAM MANOHARLAL PUBLISHERS
|c 1972
|
| 300 |
|
|
|a 295 p
|f HB
|
| 500 |
|
|
|a
|
| 501 |
|
|
|a Reference
|
| 538 |
|
|
|
| 590 |
|
|
|
| 630 |
|
|
|a ART
|
| 650 |
|
|
|a HISTORY OF INDIAN AND INDONESIAN ART
|
| 700 |
|
|
|
| 942 |
|
|
|c REF
|
| 999 |
|
|
|c 177153
|d 177153
|
| 952 |
|
|
|0 0
|1 0
|4 0
|6 704_954000000000000_ANA
|7 0
|9 190518
|a AGY
|b AGY
|g 40.00
|l 0
|o 704.954 ANA
|p AGY1362
|r 2019-10-25
|w 2019-10-25
|y REF
|